Planespotting #2 - Statistics

General Stats
  • This quiz has been taken 18 times
  • The average score is 4 of 8
Answer Stats
Picture Answer % Correct
Airbus A380
100%
C-17
62%
Airbus A220
46%
Airbus A300
46%
Boeing 787
46%
Airbus A310
38%
Boeing 737
38%
Boeing 767
38%
No matching quizzes found
Score Distribution
Percent of People with Each Score
Percentile by Number Answered
Your Score History
You have not taken this quiz